000 00462nmm a2200169Ia 4500
008 251105s9999||||xx |||||||||||||||||und||
020 _a9788491128298
041 _aspa
100 _aGarcía Chavida, Marcelino
245 0 _aPaseo por la zona oscura
264 _a[Madrid, España] :
_bLantia,
_c2017
300 _a178 páginas
490 _aCaligrama
650 _aSpanish poetry
856 _uhttps://public.digitaliapublishing.com/a/88280
942 _cCF
999 _c88288
_d88288